مسجد يوسف أغا الحين : (أثر رقم ١٩٦) / Masjid Yūsuf Aghā al-Ḥīn : (athar raqm 196)

محفوظ في:

المؤلف الرئيسي: almajlis al'aelaa lilthaqafa (masir).

التنسيق: كتاب

اللغة: Undetermined

منشور في: Al-Qāhirah : Wizārat al-Thaqāfah, al-Majlis al-Aʻlá lil-Āthār, 1999.

الموضوعات:

الوسوم: إضافة وسم

لا توجد وسوم, كن أول من يضع وسما على هذه التسجيلة!

رقم الطلب: (P)NA1583 .M37

LEADER 00881nam a2200241Ia 4500
005 20240401105952.0
008 240329s9999||||xx |||||||||||||| ||und||
999 |c 57803  |d 57803 
020 |a 9789773051099 
050 |a (P)NA1583   |b .M37 
100 1 |a almajlis al'aelaa lilthaqafa (masir). 
245 1 0 |a مسجد يوسف أغا الحين : (أثر رقم ١٩٦) / Masjid Yūsuf Aghā al-Ḥīn : (athar raqm 196)  |c almajlis al'aelaa lilthaqafa (masir) 
264 1 |a Al-Qāhirah :  |b Wizārat al-Thaqāfah, al-Majlis al-Aʻlá lil-Āthār,  |c 1999. 
300 |a 23,15  |b illustrations (some color), plans, plates  |c 22 
336 |2 rdacontent  |a text  |b txt 
337 |2 rdamedia  |a unmediated  |b n 
338 |2 rdacarrier  |a volume  |b n 
500 |a Donation 
650 |a Architectural drawings 
650 |a Egypt 
650 |a Mosques 
650 |a Mosques Egypt Designs and plans 
942 |2 lcc  |c BK